The interaction of monetary policy and wage bargaining in the European Monetary Union (Record no. 206439)
[ view plain ]
| 000 -LEADER | |
|---|---|
| fixed length control field | 01646nam a2200373 a 4500 |
| 082 04 - DEWEY DECIMAL CLASSIFICATION NUMBER | |
| Classification number | 332.4/94 |
| 100 1# - MAIN ENTRY--AUTHOR NAME | |
| Personal name | Dullien, Sebastian. |
| 245 14 - TITLE STATEMENT | |
| Title | The interaction of monetary policy and wage bargaining in the European Monetary Union |
| 260 ## - PUBLICATION, DISTRIBUTION, ETC. (IMPRINT) | |
| Place of publication | Houndmills, Basingstoke, Hampshire ; |
| -- | New York : |
| Name of publisher | Palgrave Macmillan, |
| Year of publication | 2004. |
| 300 ## - PHYSICAL DESCRIPTION | |
| Number of Pages | xiv, 276 p. : |
| Other physical details | ill. |
| 650 #0 - SUBJECT ADDED ENTRY--TOPICAL TERM | |
| Topical Term | Unemployment |
| Topical Term | Inflation (Finance) |
| Topical Term | Collective bargaining |
| Topical Term | Wages |
| Topical Term | Monetary policy |
| Topical Term | Banks and banking, Central |
| 856 40 - ELECTRONIC LOCATION AND ACCESS | |
| Uniform Resource Identifier | http://site.ebrary.com/lib/rucke/Doc?id=10103781 |
No items available.
